[Event "Titled Tuesday 2025.03.11 Late"]
[Site "Chess.com INT"]
[Date "2025.03.11"]
[Round "1"]
[White "Sai, Krishna GV"]
[Black "Gusev, Mikhail"]
[Result "1-0"]
[WhiteElo "2365"]
[BlackElo "2250"]
[WhiteFideId "-1"]
[WhiteFideId "-1"]
[PlyCount "41"]
[GameId "2156576497827916"]
[EventDate "2025.03.11"]
[EventType "swiss (blitz)"]
[EventRounds "11"]
[EventCountry "NET"]
[SourceTitle "Mega2025 Update 20"]
[Source "Chessbase"]
[SourceDate "2025.03.21"]
[SourceVersion "1"]
[SourceVersionDate "2025.03.21"]
[SourceQuality "1"]

1. Nf3 Nf6 2. g3 d5 3. Bg2 g6 4. O-O Bg7 5. d3 O-O 6. Nbd2 c5 7. e4 Nc6 8. Re1 e6 9. Qe2 Qc7 {9...a5 is setting a new trend. 9...a5 setzt einen neuen Trend.} 10. Nf1 b6 11. e5 Nd7 12. Bf4 Ba6 13. h4 c4 $146 (13... Nd4 14. Nxd4 cxd4 15. Nh2 Rac8 16. Rac1 Qc5 17. h5 h6 18. hxg6 fxg6 19. Qg4 Kf7 20. Nf3 Kg8 21. Nh2 Kf7 22. Nf3 Rfe8 23. Bh3 Re7 24. Bd2 {1-0 Denderski,P (2246)-Krawczyk,W (1973) POL-chT 2nd League Jastrzebia Gora 2022 (5.21)}) 14. d4 b5 15. N1h2 b4 16. Ng4 Qb6 17. Qe3 Rac8 18. Bh6 c3 19. Bxg7 Kxg7 20. Qh6+ Kh8 21. Ng5 1-0

[Event "Titled Tuesday 2025.03.11 Late"]
[Site "Chess.com INT"]
[Date "2025.03.11"]
[Round "2"]
[White "Provotorov, Alexandr P"]
[Black "Sai, Krishna GV"]
[Result "1-0"]
[WhiteElo "2212"]
[BlackElo "2365"]
[WhiteFideId "-1"]
[WhiteFideId "-1"]
[PlyCount "31"]
[GameId "2156576497914116"]
[EventDate "2025.03.11"]
[EventType "swiss (blitz)"]
[EventRounds "11"]
[EventCountry "NET"]
[SourceTitle "Mega2025 Update 20"]
[Source "Chessbase"]
[SourceDate "2025.03.21"]
[SourceVersion "1"]
[SourceVersionDate "2025.03.21"]
[SourceQuality "1"]

1. e4 c5 2. c3 d5 3. exd5 Qxd5 4. d4 Nc6 5. Nf3 Bg4 6. Be2 O-O-O 7. Be3 cxd4 8. cxd4 e5 9. Nc3 Bb4 10. O-O Qa5 11. Nxe5 Bxe2 12. Qxe2 Nxe5 13. dxe5 Bxc3 14. Rac1 Qxe5 15. Rxc3+ Kb8 16. Bxa7+ 1-0

[Event "Titled Tuesday 2025.03.11 Late"]
[Site "Chess.com INT"]
[Date "2025.03.11"]
[Round "3"]
[White "Sai, Krishna GV"]
[Black "Thorhallsson, Simon"]
[Result "0-1"]
[WhiteElo "2365"]
[BlackElo "2232"]
[WhiteFideId "-1"]
[WhiteFideId "-1"]
[PlyCount "56"]
[GameId "2156576498000342"]
[EventDate "2025.03.11"]
[EventType "swiss (blitz)"]
[EventRounds "11"]
[EventCountry "NET"]
[SourceTitle "Mega2025 Update 20"]
[Source "Chessbase"]
[SourceDate "2025.03.21"]
[SourceVersion "1"]
[SourceVersionDate "2025.03.21"]
[SourceQuality "1"]

1. Nf3 Nf6 2. g3 c5 3. Bg2 Nc6 4. O-O e5 5. d3 d5 6. e4 dxe4 7. dxe4 Qxd1 8. Rxd1 Bg4 9. c3 Nxe4 10. Re1 f5 11. h3 Bxf3 12. Bxf3 O-O-O 13. Na3 Bd6 14. Bxe4 fxe4 15. Bg5 Rd7 16. Rxe4 h6 17. Be3 b6 18. Nc4 Bc7 19. a4 Rhd8 20. Kg2 Rd1 21. Rxd1 Rxd1 22. Kf3 Ra1 23. Kg4 Kd8 24. Kf5 Ne7+ 25. Ke6 Rxa4 26. h4 Ra6 27. Nxe5 Ke8 28. Nc6 b5 0-1

[Event "Titled Tuesday 2025.02.11 Early"]
[Site "Chess.com INT"]
[Date "2025.02.11"]
[Round "1"]
[White "Bashirli, Saadat"]
[Black "Sai, Krishna GV"]
[Result "1/2-1/2"]
[WhiteElo "1951"]
[BlackElo "2366"]
[WhiteFideId "-1"]
[WhiteFideId "-1"]
[PlyCount "162"]
[GameId "2146417133458645"]
[EventDate "2025.02.11"]
[EventType "swiss (blitz)"]
[EventRounds "11"]
[EventCountry "NET"]
[SourceTitle "Mega2025 Update 17"]
[Source "Chessbase"]
[SourceDate "2025.02.28"]
[SourceVersion "1"]
[SourceVersionDate "2025.02.28"]
[SourceQuality "1"]

1. e4 e5 2. Nf3 Nc6 3. Bc4 Nf6 4. d3 h6 5. c3 d6 6. Nbd2 g5 7. h3 Qe7 8. Nf1 Be6 9. Bxe6 fxe6 10. Ng3 O-O-O 11. Be3 d5 12. exd5 exd5 13. d4 e4 14. Nd2 Qe6 15. Qe2 Bd6 16. O-O-O Bxg3 17. fxg3 Ne7 18. g4 Rdf8 19. Rhf1 Ne8 20. Nb3 b6 21. Qa6+ Kb8 22. Qe2 Nd6 23. Nd2 Kb7 24. Kc2 Ng6 25. g3 a5 26. b3 a4 27. Kb2 Ra8 28. b4 Raf8 29. a3 Ne7 30. Rxf8 Rxf8 31. Rf1 Qg8 32. h4 Rxf1 33. Nxf1 Nc4+ 34. Ka2 c5 35. Bc1 cxd4 36. cxd4 Qg7 37. hxg5 hxg5 38. Be3 Nc6 39. Qd1 b5 40. Bg1 Qf6 41. Ne3 Nxe3 42. Bxe3 Nd8 43. Qe2 Kb6 44. Qd2 Ne6 45. Qf2 Qxf2+ 46. Bxf2 Kc6 47. Be3 Kd6 48. Kb2 Ke7 49. Kc3 Kf6 50. Kd2 Nd8 51. Ke2 Nb7 52. Kd2 Nd6 53. Kc3 Nc4 54. Bc1 Ke6 55. Kc2 Kd6 56. Kc3 e3 57. Kd3 Ke6 58. Ke2 Kf6 59. Kd3 Nd6 60. Kxe3 Ne4 61. Kf3 Nc3 62. Kf2 Nd1+ 63. Kf3 Nc3 64. Bb2 Ne4 65. Bc1 Ke6 66. Kg2 Kf7 67. Kf3 Kg6 68. Kg2 Nc3 69. Kf3 Ne4 70. Kg2 Nd6 71. Kf3 Nc8 72. Kg2 Ne7 73. Kf3 Nc6 74. Ke3 Kf6 75. Kd3 Nd8 76. Ke3 Nf7 77. Kf3 Nh8 78. Kg2 Nf7 79. Kf3 Nd6 80. Ke3 Kg6 81. Kf3 Ne4 1/2-1/2

[Event "Titled Tuesday 2025.02.11 Early"]
[Site "Chess.com INT"]
[Date "2025.02.11"]
[Round "2"]
[White "Sai, Krishna GV"]
[Black "Gbiorczyk, Mikolaj"]
[Result "1-0"]
[WhiteElo "2366"]
[BlackElo "2231"]
[WhiteFideId "-1"]
[WhiteFideId "-1"]
[PlyCount "53"]
[GameId "2146417133491491"]
[EventDate "2025.02.11"]
[EventType "swiss (blitz)"]
[EventRounds "11"]
[EventCountry "NET"]
[SourceTitle "Mega2025 Update 17"]
[Source "Chessbase"]
[SourceDate "2025.02.28"]
[SourceVersion "1"]
[SourceVersionDate "2025.02.28"]
[SourceQuality "1"]

1. Nf3 Nf6 2. g3 b6 3. Bg2 Bb7 4. O-O e6 5. d3 Be7 6. e4 O-O 7. Nbd2 d6 8. Ne1 Qc8 9. f4 Nbd7 10. g4 c5 11. g5 Ne8 12. Qh5 f6 13. g6 hxg6 14. Qxg6 Rf7 15. Bh3 Nf8 16. Qg3 f5 17. Nef3 Nh7 18. Rf2 fxe4 19. Nxe4 Bxe4 20. dxe4 Nef6 21. Re2 Bf8 22. e5 Nd5 23. exd6 Rf6 24. Ng5 Nxg5 25. fxg5 Rg6 26. Qe5 Kf7 27. Bd2 1-0

[Event "Titled Tuesday 2025.02.11 Early"]
[Site "Chess.com INT"]
[Date "2025.02.11"]
[Round "3"]
[White "Nowak, Mikolaj"]
[Black "Sai, Krishna GV"]
[Result "0-1"]
[WhiteElo "2316"]
[BlackElo "2366"]
[WhiteFideId "-1"]
[WhiteFideId "-1"]
[PlyCount "122"]
[GameId "2146417133750185"]
[EventDate "2025.02.11"]
[EventType "swiss (blitz)"]
[EventRounds "11"]
[EventCountry "NET"]
[SourceTitle "Mega2025 Update 17"]
[Source "Chessbase"]
[SourceDate "2025.02.28"]
[SourceVersion "1"]
[SourceVersionDate "2025.02.28"]
[SourceQuality "1"]

1. f3 e5 2. Kf2 f5 3. g3 h5 4. d3 h4 5. Bh3 Bc5+ 6. Kg2 d5 7. e3 Nc6 8. Ne2 g5 9. g4 fxg4 10. Bxg4 h3+ 11. Kf1 Bxg4 12. fxg4 Rh4 13. Ng3 Nh6 14. Qf3 e4 15. dxe4 Ne5 16. Qe2 Nhxg4 17. Nc3 d4 18. exd4 Bxd4 19. Nf5 Bxc3 20. bxc3 Qf6 21. Be3 O-O-O 22. Bd4 Nh6 23. Bxe5 Qxe5 24. Nxh4 gxh4 25. Qf3 Rd6 26. Ke2 Rf6 27. Qxh3+ Kb8 28. Qd3 Qh5+ 29. Kd2 Qg5+ 30. Kd1 Rd6 31. Rf1 Qg4+ 32. Kc1 Rxd3 33. Rf8+ Qc8 34. Rxc8+ Kxc8 35. cxd3 Ng4 36. h3 Nf2 37. Kd2 Nxh3 38. Rh1 Ng5 39. Rxh4 Nf3+ 40. Ke3 Nxh4 41. Kf4 Ng6+ 42. Kf5 Ne7+ 43. Ke6 Kd8 44. d4 Nc6 45. d5 Na5 46. e5 Nc4 47. d6 cxd6 48. exd6 Na3 49. Kd5 Kd7 50. c4 Nc2 51. c5 Nb4+ 52. Kc4 Nxa2 53. Kb5 Nc3+ 54. Kc4 Na4 55. Kd5 Nc3+ 56. Kc4 Ne4 57. Kd5 Nxd6 58. cxd6 a5 59. Kc5 a4 60. Kb4 b5 61. Kxb5 a3 0-1

[Event "Titled Tuesday 2025.02.11 Early"]
[Site "Chess.com INT"]
[Date "2025.02.11"]
[Round "5"]
[White "Kuzuev, Danil"]
[Black "Sai, Krishna GV"]
[Result "0-1"]
[WhiteElo "2436"]
[BlackElo "2366"]
[WhiteFideId "-1"]
[WhiteFideId "-1"]
[PlyCount "92"]
[GameId "2146417134017098"]
[EventDate "2025.02.11"]
[EventType "swiss (blitz)"]
[EventRounds "11"]
[EventCountry "NET"]
[SourceTitle "Mega2025 Update 17"]
[Source "Chessbase"]
[SourceDate "2025.02.28"]
[SourceVersion "1"]
[SourceVersionDate "2025.02.28"]
[SourceQuality "1"]

1. e4 e5 2. Nf3 Nc6 3. Bb5 a5 4. O-O Nd4 5. Nxd4 exd4 6. Bc4 c6 7. a3 b5 8. Ba2 Bd6 9. e5 Bc7 10. Qg4 Bxe5 11. Re1 d6 12. Qxg7 Qe7 13. Rxe5 Qxe5 14. Qxf7+ Kd8 15. Kf1 Nh6 16. Qf3 Bg4 17. Qd3 Re8 18. Kg1 Qe1+ 19. Qf1 Qxf1+ 20. Kxf1 Be2+ 21. Kg1 Bd3 22. f3 Re1+ 23. Kf2 Rxc1 24. cxd3 Kd7 25. b4 a4 26. g4 Re8 27. h4 Ree1 28. Kg3 Rg1+ 29. Kf4 Ke7 30. Ke4 Nxg4 31. fxg4 Rxg4+ 32. Kf3 Rxh4 33. Bg8 Rhh1 34. Ra2 Rxb1 35. Ke4 Rh4+ 36. Kf3 Rhh1 37. Ke4 c5 38. bxc5 dxc5 39. Kd5 Rhc1 40. Kc6 b4 41. axb4 cxb4+ 42. Kb5 a3 43. Ka4 Rb2 44. Bd5 Rxa2 45. Bxa2 Rc2 46. Kb3 Rb2+ 0-1

[Event "Titled Tuesday 2025.02.11 Early"]
[Site "Chess.com INT"]
[Date "2025.02.11"]
[Round "6"]
[White "Paichadze, Luka"]
[Black "Sai, Krishna GV"]
[Result "1-0"]
[WhiteElo "2532"]
[BlackElo "2366"]
[WhiteFideId "-1"]
[WhiteFideId "-1"]
[PlyCount "111"]
[GameId "2146417134103320"]
[EventDate "2025.02.11"]
[EventType "swiss (blitz)"]
[EventRounds "11"]
[EventCountry "NET"]
[SourceTitle "Mega2025 Update 17"]
[Source "Chessbase"]
[SourceDate "2025.02.28"]
[SourceVersion "1"]
[SourceVersionDate "2025.02.28"]
[SourceQuality "1"]

1. e4 e5 2. Nf3 Nc6 3. d4 exd4 4. Nxd4 Nf6 5. Nxc6 bxc6 6. Bd3 d5 7. exd5 cxd5 8. O-O Be7 9. h3 O-O 10. Nd2 c5 11. b3 d4 12. Qf3 Rb8 13. Nc4 Bb7 14. Qg3 Qd5 15. f3 Nh5 16. Qc7 Qe6 17. Bd2 Rfc8 18. Qh2 Bd5 19. Rae1 Qf6 20. Qe5 Bxc4 21. Bxc4 Qxe5 22. Rxe5 Ng3 23. Rxe7 Nxf1 24. Kxf1 Kh8 25. Rxa7 Ra8 26. Rxa8 Rxa8 27. a4 Kg8 28. a5 Kf8 29. Bd5 Ra7 30. Bc4 Ke7 31. Ke2 f6 32. Kd3 Kd6 33. b4 cxb4 34. Bxb4+ Kc6 35. Kxd4 g5 36. g4 h5 37. Ke4 hxg4 38. hxg4 Rc7 39. Bd3 Kd7 40. a6 Ke6 41. Bd2 Rh7 42. Be3 Rh4 43. a7 f5+ 44. Kd4 fxg4 45. fxg4 Rxg4+ 46. Be4 Kf6 47. a8=Q Kg7 48. Qb7+ Kh6 49. Qc6+ Kh5 50. Qg6+ Kh4 51. Bf2+ Rg3 52. Bxg3+ Kxg3 53. Qxg5+ Kf2 54. Qg2+ Ke1 55. Kd3 Kd1 56. Qf1# 1-0

[Event "Titled Tuesday 2025.02.11 Early"]
[Site "Chess.com INT"]
[Date "2025.02.11"]
[Round "7"]
[White "Sai, Krishna GV"]
[Black "Buksa, Nataliya"]
[Result "1-0"]
[WhiteElo "2366"]
[BlackElo "2400"]
[WhiteFideId "-1"]
[WhiteFideId "-1"]
[PlyCount "119"]
[GameId "2146417134279879"]
[EventDate "2025.02.11"]
[EventType "swiss (blitz)"]
[EventRounds "11"]
[EventCountry "NET"]
[SourceTitle "Mega2025 Update 17"]
[Source "Chessbase"]
[SourceDate "2025.02.28"]
[SourceVersion "1"]
[SourceVersionDate "2025.02.28"]
[SourceQuality "1"]

1. Nf3 d5 2. g3 e6 3. Bg2 Nf6 4. O-O Be7 5. d3 O-O 6. Nbd2 c5 7. e4 Nc6 8. Re1 Qc7 9. e5 Nd7 10. Qe2 b5 11. Nf1 Bb7 12. h4 Rfc8 13. N1h2 a5 14. Bf4 Qd8 15. Ng5 {15.c3 is a critical line. 15.c3 ist die kritische Fortsetzung.} Nf8 $146 (15... h6 16. Qh5 hxg5 17. hxg5 Ndxe5 18. Bxe5 Bxg5 19. Ng4 Nxe5 20. Rxe5 Bf6 21. Nxf6+ Qxf6 {1-0 Haitin,I (2315)-Chukavin,K (2300) Viljandi Raud Olympic 53rd rapid 2019 (3.4)}) 16. Qh5 Qe8 17. c3 h6 18. Nh3 Ng6 19. Bxh6 gxh6 20. Ng4 b4 21. f4 Ba6 22. f5 Bxd3 23. fxg6 Bxg6 24. Qxh6 bxc3 25. bxc3 Qf8 26. Qf4 Qg7 27. Nf6+ Kh8 28. h5 Nxe5 29. Rxe5 Bxf6 30. h6 Qh7 31. Qxf6+ Kg8 32. Nf4 Qh8 33. Qxh8+ Kxh8 34. Nxg6+ fxg6 35. Rxe6 Rd8 36. Rxg6 Rab8 37. Rd1 d4 38. cxd4 cxd4 39. Be4 Rd7 40. Rg7 Rxg7 41. hxg7+ Kxg7 42. Rxd4 Rb2 43. Ra4 Rb5 44. Kg2 Kf6 45. Kf3 Rc5 46. Kf4 Ke6 47. g4 Kf6 48. Rd4 Rb5 49. Rd6+ Ke7 50. Rd5 Rb2 51. Rxa5 Rf2+ 52. Ke5 Rf1 53. g5 Rg1 54. g6 Rg5+ 55. Bf5 Ke8 56. Ra8+ Ke7 57. Ra7+ Kd8 58. Kf6 Rg1 59. g7 Rg2 60. Ra8+ 1-0

[Event "Titled Tuesday 2025.02.11 Early"]
[Site "Chess.com INT"]
[Date "2025.02.11"]
[Round "8"]
[White "Sai, Krishna GV"]
[Black "Valle Luis, Leo"]
[Result "1-0"]
[WhiteElo "2366"]
[BlackElo "2250"]
[WhiteFideId "-1"]
[WhiteFideId "-1"]
[PlyCount "74"]
[GameId "2146417134378409"]
[EventDate "2025.02.11"]
[EventType "swiss (blitz)"]
[EventRounds "11"]
[EventCountry "NET"]
[SourceTitle "Mega2025 Update 17"]
[Source "Chessbase"]
[SourceDate "2025.02.28"]
[SourceVersion "1"]
[SourceVersionDate "2025.02.28"]
[SourceQuality "1"]

1. Nf3 c6 2. g3 d5 3. Bg2 Nf6 4. O-O h6 5. d3 Bf5 6. Nbd2 e6 7. Qe1 Be7 8. e4 Bh7 9. Qe2 O-O 10. Ne1 c5 11. f4 Nc6 12. c3 b5 13. g4 b4 14. h4 Ne8 15. g5 hxg5 16. hxg5 dxe4 17. dxe4 e5 18. Nc4 exf4 19. e5 Rc8 20. Bxf4 Bxg5 21. Rd1 Qe7 22. Qh5 Bxf4 23. Rxf4 Bg6 24. Qh3 Nxe5 25. Rh4 Bh7 26. Rxh7 Ng6 27. Nf3 Nf6 28. Ng5 Rcd8 29. Rf1 Rfe8 30. Bc6 Nxh7 31. Qxh7+ Kf8 32. Qxg6 f6 33. Nh7+ Kg8 34. Nxf6+ Kf8 35. Nxe8+ Kg8 36. Nf6+ Kf8 37. Nd5+ Qf6 1-0

[Event "Titled Tuesday 2025.02.11 Early"]
[Site "Chess.com INT"]
[Date "2025.02.11"]
[Round "9"]
[White "Maksimovic, Bojan"]
[Black "Sai, Krishna GV"]
[Result "0-1"]
[WhiteElo "2505"]
[BlackElo "2366"]
[WhiteFideId "-1"]
[WhiteFideId "-1"]
[PlyCount "62"]
[GameId "2146417134460526"]
[EventDate "2025.02.11"]
[EventType "swiss (blitz)"]
[EventRounds "11"]
[EventCountry "NET"]
[SourceTitle "Mega2025 Update 16"]
[Source "Chessbase"]
[SourceDate "2025.02.21"]
[SourceVersion "1"]
[SourceVersionDate "2025.02.21"]
[SourceQuality "1"]

1. d4 Nf6 2. Bg5 Ne4 3. h4 c5 4. d5 Qb6 5. Nd2 Nxg5 6. hxg5 Qxb2 7. g6 {7.g6 scores better than 7.e4. 7.g6 punktet besser als 7.e4.} fxg6 {7...Qf6 is vanishing. 7...Df6 scheint zu verschwinden.} 8. e3 Na6 9. a3 $146 (9. Rb1 Qxa2 10. Bc4 Qa4 11. Bb5 Qa5 12. Bd3 d6 13. Kf1 Bf5 14. e4 Bd7 15. e5 {½-½ Popov,I (2622)-Mozharov,M (2557) New Delhi Parsvnath op 13th 2015 (9)}) 9... Nc7 10. Rb1 Qxa3 11. Rb3 Qa5 12. Bd3 Nxd5 13. Bxg6+ Kd8 14. Rxh7 Rxh7 15. Bxh7 c4 16. Rb2 c3 17. Rb3 cxd2+ 18. Kf1 Nc3 19. Qxd2 Qa1+ 20. Qe1 Qxe1+ 21. Kxe1 Nd5 22. c4 Nf6 23. Bg6 a5 24. Ne2 a4 25. Ra3 e5 26. Ra2 d5 27. cxd5 a3 28. e4 b5 29. Kd2 b4 30. Nc1 Bd7 31. f3 Ba4 0-1

[Event "Titled Tuesday 2025.02.11 Early"]
[Site "Chess.com INT"]
[Date "2025.02.11"]
[Round "10"]
[White "Sai, Krishna GV"]
[Black "Pranesh, Munirethinam"]
[Result "0-1"]
[WhiteElo "2366"]
[BlackElo "2586"]
[WhiteFideId "-1"]
[WhiteFideId "-1"]
[PlyCount "100"]
[GameId "2146417134591923"]
[EventDate "2025.02.11"]
[EventType "swiss (blitz)"]
[EventRounds "11"]
[EventCountry "NET"]
[SourceTitle "Mega2025 Update 17"]
[Source "Chessbase"]
[SourceDate "2025.02.28"]
[SourceVersion "1"]
[SourceVersionDate "2025.02.28"]
[SourceQuality "1"]

1. e4 Nc6 2. Nf3 Nf6 3. e5 Nd5 4. d4 d6 5. c4 Nb6 6. exd6 cxd6 7. d5 Nb4 8. a3 Na6 9. b4 e5 10. Nbd2 Be7 11. Bb2 Bd7 12. h3 Na4 13. Bc1 O-O 14. g4 e4 15. Nxe4 Re8 16. Be2 Bf6 17. Nxf6+ Qxf6 18. Be3 Re4 19. O-O Nc3 20. Qd3 Bxg4 21. hxg4 Rae8 22. Nh2 Nxe2+ 23. Qxe2 b5 24. cxb5 Nc7 25. Rad1 h5 26. g5 Qe5 27. Qxh5 Nxd5 28. Ng4 Qf5 29. Nh2 R8e5 30. Qf3 Qe6 31. Qg2 Rh4 32. Bc1 Nc3 33. Rd2 Ree4 34. f3 Ne2+ 35. Kf2 Nf4 36. fxe4 Nxg2 37. Kxg2 Qxe4+ 38. Nf3 Qg4+ 39. Kf2 Rh3 40. Rd3 Qc4 41. Rfd1 Qxb5 42. Kg2 Qf5 43. Kf2 Qg4 44. Re1 Qg3+ 45. Ke2 Qg2+ 46. Kd1 Rxf3 47. Re8+ Kh7 48. Rd2 Rf1+ 49. Kc2 Qc6+ 50. Kb3 Qxe8 0-1

[Event "Titled Tuesday 2025.02.11 Early"]
[Site "Chess.com INT"]
[Date "2025.02.11"]
[Round "11"]
[White "Sai, Krishna GV"]
[Black "Sanal, Vahap"]
[Result "0-1"]
[WhiteElo "2366"]
[BlackElo "2557"]
[WhiteFideId "-1"]
[WhiteFideId "-1"]
[PlyCount "82"]
[GameId "2146417134711019"]
[EventDate "2025.02.11"]
[EventType "swiss (blitz)"]
[EventRounds "11"]
[EventCountry "NET"]
[SourceTitle "Mega2025 Update 16"]
[Source "Chessbase"]
[SourceDate "2025.02.21"]
[SourceVersion "1"]
[SourceVersionDate "2025.02.21"]
[SourceQuality "1"]

1. e4 d6 2. d4 Nf6 3. Nc3 e5 4. Nf3 Nbd7 5. Bc4 Be7 6. O-O O-O 7. Re1 c6 8. a4 h6 {8...a5 is setting a new trend. 8...a5 setzt einen neuen Trend.} 9. Ba2 Re8 10. Nh4 exd4 11. Qxd4 Bf8 12. Ng6 d5 13. Nxf8 Nxf8 14. e5 Ne6 $146 (14... N6d7 15. f4 Qb6 16. Be3 Qxd4 17. Bxd4 Nb8 18. Ne2 Na6 19. Bf2 Nb4 20. Bb3 Bf5 {½-½ Pavlidis,A (2532)-Zagorskis,D (2469) EU-ch rapid Tallinn 2016 (5)}) 15. Qd3 Nc5 16. Qg3 Nh5 17. Qf3 Qh4 18. g3 Qh3 19. Qg2 Qf5 20. f3 Rxe5 21. Be3 Ne6 22. f4 Nhxf4 23. gxf4 Nxf4 24. Bxf4 Qxf4 25. Rxe5 Qxe5 26. Qe2 Qd4+ 27. Qf2 Qg4+ 28. Qg3 Qb4 29. Re1 Bf5 30. Bb3 Rd8 31. Nd1 Rd6 32. Re8+ Kh7 33. Ne3 Be4 34. Ng4 Rg6 35. h3 f5 36. Qb8 Qe1+ 37. Kh2 Qh1+ 38. Kg3 Qf3+ 39. Kh4 Rxg4+ 40. Kh5 Rg5+ 41. Kh4 Rh5# 0-1

[Event "Titled Tuesday 2025.02.04 Late"]
[Site "Chess.com INT"]
[Date "2025.02.04"]
[Round "2"]
[White "Sai, Krishna GV"]
[Black "Breuil, Virgile"]
[Result "1-0"]
[WhiteElo "2366"]
[BlackElo "2164"]
[WhiteFideId "-1"]
[WhiteFideId "-1"]
[PlyCount "53"]
[GameId "2143899100868645"]
[EventDate "2025.02.04"]
[EventType "swiss (blitz)"]
[EventRounds "11"]
[EventCountry "NET"]
[SourceTitle "Mega2025 Update 15"]
[Source "Chessbase"]
[SourceDate "2025.02.14"]
[SourceVersion "1"]
[SourceVersionDate "2025.02.14"]
[SourceQuality "1"]

1. e4 e5 2. Nf3 Nc6 3. Bb5 Nge7 4. O-O g6 5. c3 Bg7 6. d4 exd4 7. cxd4 d5 8. e5 O-O 9. h3 a6 10. Ba4 Bf5 11. Nc3 Be4 12. Be3 Nf5 13. Bxc6 bxc6 14. Rc1 Qd7 15. Na4 f6 16. Nc5 Qe8 17. e6 Nxe3 18. fxe3 Bf5 19. Nd7 Qxe6 20. Nxf8 Qxe3+ 21. Kh1 Rxf8 22. Rxc6 Rf7 23. Qc1 Qe2 24. Re1 Qf2 25. Re8+ Bf8 26. Qh6 Be4 27. Rxc7 1-0

[Event "Titled Tuesday 2025.02.04 Late"]
[Site "Chess.com INT"]
[Date "2025.02.04"]
[Round "3"]
[White "Chinguun, Bayaraa"]
[Black "Sai, Krishna GV"]
[Result "0-1"]
[WhiteElo "2125"]
[BlackElo "2366"]
[WhiteFideId "-1"]
[WhiteFideId "-1"]
[PlyCount "56"]
[GameId "2143899100946674"]
[EventDate "2025.02.04"]
[EventType "swiss (blitz)"]
[EventRounds "11"]
[EventCountry "NET"]
[SourceTitle "Mega2025 Update 15"]
[Source "Chessbase"]
[SourceDate "2025.02.14"]
[SourceVersion "1"]
[SourceVersionDate "2025.02.14"]
[SourceQuality "1"]

1. g3 e5 2. d3 f5 3. Bg2 Nf6 4. c4 Nc6 5. Nc3 Bc5 6. Nf3 O-O 7. O-O d6 8. a3 {8.a3 is better than 8.Na4. 8.a3 ist besser als 8.Sa4.} a5 9. Bg5 h6 10. Bd2 $146 (10. Bxf6 Qxf6 11. Qd2 Qf7 12. Rac1 Be6 13. e3 e4 14. dxe4 Bxc4 15. Rfe1 Be6 16. exf5 Qxf5 {0-1 Peglau,P (1752)-Vojta,T (2311) Podbanske Tatra Cup 69th 2023 (1)}) 10... g5 11. e4 f4 12. Nd5 g4 13. Nh4 f3 14. Bh1 Nxd5 15. cxd5 Nd4 16. Re1 a4 17. Bxh6 Rf7 18. Be3 Rh7 19. Bxd4 Bxd4 20. Nxf3 gxf3 21. Bxf3 Qf6 22. Rf1 Qh6 23. h4 Qg6 24. Kh2 Bxb2 25. Ra2 Bd4 26. Bg2 Bd7 27. f4 exf4 28. Rxf4 Be5 0-1

[Event "Titled Tuesday 2025.02.04 Late"]
[Site "Chess.com INT"]
[Date "2025.02.04"]
[Round "4"]
[White "Sai, Krishna GV"]
[Black "Woodward, Andy"]
[Result "0-1"]
[WhiteElo "2366"]
[BlackElo "2544"]
[WhiteFideId "-1"]
[WhiteFideId "-1"]
[PlyCount "112"]
[GameId "2143899101119139"]
[EventDate "2025.02.04"]
[EventType "swiss (blitz)"]
[EventRounds "11"]
[EventCountry "NET"]
[SourceTitle "Mega2025 Update 15"]
[Source "Chessbase"]
[SourceDate "2025.02.14"]
[SourceVersion "1"]
[SourceVersionDate "2025.02.14"]
[SourceQuality "1"]

1. e4 e5 2. Nf3 Nc6 3. Bb5 a6 4. Ba4 d6 5. O-O Bd7 6. c3 g6 7. d4 Bg7 8. Re1 Nf6 9. Nbd2 O-O 10. h3 exd4 11. cxd4 Nb4 12. Bb3 Nd3 13. Re3 Nxc1 14. Rxc1 Bc6 15. Qe2 Re8 16. Ng5 Re7 17. f4 Be8 18. e5 dxe5 19. dxe5 Nd5 20. Re4 c6 21. Nc4 f6 22. Nf3 Bd7 23. Nd6 fxe5 24. fxe5 Be6 25. Ng5 Qd7 26. Nxe6 Qxe6 27. Nxb7 Rxb7 28. Qc4 Kh8 29. Qxc6 Qxc6 30. Rxc6 Ne7 31. Rd6 Rc7 32. e6 Bf6 33. Rd7 Rc1+ 34. Kf2 Rf8 35. Ke2 Nf5 36. Rf4 Re8 37. g4 Ng3+ 38. Kf3 Rf1+ 39. Ke3 Bg5 40. Rdf7 Rxf4 41. Rxf4 Ne2 42. Kxe2 Bxf4 43. Kf3 Be5 44. Ke4 Bxb2 45. Kd5 Kg7 46. Ba4 Rd8+ 47. Bd7 Kf8 48. Kd6 Ba3+ 49. Kc7 Ke7 50. Kb6 Rb8+ 51. Kxa6 Rb2 52. Ka5 Rxa2 53. Ka4 Bd6+ 54. Kb3 Ra3+ 55. Kc4 Rxh3 56. Kd5 Rg3 0-1

[Event "Titled Tuesday 2025.02.04 Late"]
[Site "Chess.com INT"]
[Date "2025.02.04"]
[Round "5"]
[White "Sai, Krishna GV"]
[Black "Thorfinnsson, Bjorn"]
[Result "1-0"]
[WhiteElo "2366"]
[BlackElo "2377"]
[WhiteFideId "-1"]
[WhiteFideId "-1"]
[PlyCount "73"]
[GameId "2143899101184847"]
[EventDate "2025.02.04"]
[EventType "swiss (blitz)"]
[EventRounds "11"]
[EventCountry "NET"]
[SourceTitle "Mega2025 Update 15"]
[Source "Chessbase"]
[SourceDate "2025.02.14"]
[SourceVersion "1"]
[SourceVersionDate "2025.02.14"]
[SourceQuality "1"]

1. e4 e5 2. Nf3 Nc6 3. Bb5 Nge7 4. O-O d6 5. d4 Bd7 6. c3 Ng6 7. Nbd2 Be7 8. Re1 O-O 9. Ba4 Kh8 10. h3 Qc8 11. Kh2 f5 12. exf5 Bxf5 13. Nc4 e4 14. Ng1 d5 15. Ne3 Bd6+ 16. Kh1 Be6 17. f3 exf3 18. Nxf3 Bxh3 19. Ng5 Bf5 20. Nxd5 Nce7 21. Qh5 h6 22. Nxe7 Bxe7 23. Bb3 Bxg5 24. Bxg5 Kh7 25. Qh2 Bg4 26. Bh4 Qf5 27. Bg3 Rae8 28. Bxc7 Rxe1+ 29. Rxe1 Qf2 30. Qg3 Qf5 31. Bd6 Bh5 32. Bxf8 Qxf8 33. Bc2 Qf6 34. Re5 Bd1 35. Bxg6+ Qxg6 36. Qxg6+ Kxg6 37. Re7 1-0

[Event "Titled Tuesday 2025.02.04 Late"]
[Site "Chess.com INT"]
[Date "2025.02.04"]
[Round "6"]
[White "Ponce Cano, Adrian"]
[Black "Sai, Krishna GV"]
[Result "1/2-1/2"]
[WhiteElo "2197"]
[BlackElo "2366"]
[WhiteFideId "-1"]
[WhiteFideId "-1"]
[PlyCount "45"]
[GameId "2143899101266949"]
[EventDate "2025.02.04"]
[EventType "swiss (blitz)"]
[EventRounds "11"]
[EventCountry "NET"]
[SourceTitle "Mega2025 Update 15"]
[Source "Chessbase"]
[SourceDate "2025.02.14"]
[SourceVersion "1"]
[SourceVersionDate "2025.02.14"]
[SourceQuality "1"]

1. e4 e5 2. Nf3 Nc6 3. c3 d5 4. Qa4 dxe4 5. Nxe5 Qd5 6. Nxc6 bxc6 7. Bc4 Qc5 8. d4 exd3 9. O-O Bd6 10. Re1+ Ne7 11. Be3 Qh5 12. g3 Bf5 13. Bf4 Kd7 14. Bxd6 cxd6 15. Nd2 d5 16. Rxe7+ Kxe7 17. Re1+ Kf6 18. Bxd3 Be6 19. Qf4+ Ke7 20. Qc7+ Kf6 21. Qf4+ Ke7 22. Qc7+ Kf6 23. Qf4+ 1/2-1/2